| 000 | 00826nam a2200193 a 4500 | ||
|---|---|---|---|
| 001 | 000250159 | ||
| 003 | AM-YeHGA | ||
| 005 | 20250618071658.0 | ||
| 008 | 030724s1902 gs r 000 0 arm d | ||
| 040 | _aAM-YeHGA | ||
| 100 | 1 |
_aՊուշկին, Ալեքսանդր Սերգեևիչ. _96684 |
|
| 245 | 1 | 0 |
_aՅաւերժահարսը : _b(Պօէմա) / _cԱլ. Պուշկին; Թարգմ.՝ Կ. Կրասիլնիկեան; Մուրճ ամսագրի հրատ. |
| 260 |
_aԹիֆլիս : _bՏպ. Վրաց. հրատարակչական ընկերություն, _c1902. |
||
| 300 |
_a40 էջ ; _c18 սմ. |
||
| 650 | 1 | 4 |
_aՌուս գրականություն _xՊոեմ |
| 700 | 1 |
_aԿրասիլնիկեան, Կոնստանդին _eթարգմ. _4trl |
|
| 710 | 2 | _aՄուրճ ամսագրի հրատարակչություն | |
| 090 | _c90823 | ||
| 999 |
_c89534 _d89534 |
||